Teoría y práctica de la publicidad impresa /

I tiakina i:
Ngā taipitopito rārangi puna kōrero
Kaituhi matua: Gutiérrez González, Pedro Pablo (autor)
Ētahi atu kaituhi: Pelta, Raquel (prólogo) (prólogo)
Hōputu: Pukapuka
Reo:Pāniora
I whakaputaina: Valencia, España : Campgràfic, 2006, c2006
Rangatū:(Didáctica Campgràfic)
Ngā marau:
Ngā Tūtohu: Tāpirihia he Tūtohu
Kāore He Tūtohu, Me noho koe te mea tuatahi ki te tūtohu i tēnei pūkete!

MARC

LEADER 00000nam^a2200000^a^4500
001 000399960
005 20250521000000.0
009 20260310121606.536
020 |a 84-96657-00-0 
037 |a Acervo ITESO - Biblioteca 
041 |a ESP 
082 |a 741. 67  |b GUT 
100 |a Gutiérrez González, Pedro Pablo  |e (autor) 
245 1 0 |a Teoría y práctica de la publicidad impresa /  |c P.P. Gutiérrez González ; pról. de R. Pelta. 
264 4 |a Valencia, España :  |b Campgràfic,  |c 2006, c2006 
300 |a 261 p. 
336 |a texto  |b txt  |2 rdacontenido 
337 |a sin mediación  |b n  |2 rdamedio 
338 |a volumen  |b nc  |2 rdasoporte 
440 1 |a (Didáctica Campgràfic) 
521 |a FIL 2017 EEnlace Departamento de Estudios Socioculturales 
649 |a XX 
650 |a Publicistas -  |x Prácticas Profesionales 
650 |a Diseñadores Gráficos -  |x Prácticas Profesionales 
650 |a Publicidad Impresa -  |x Prácticas Profesionales -  |x Tema Principal 
650 |a Publicidad Impresa -  |x Teoría -  |x Tema Principal 
650 |a Diseño Gráfico -  |x Prácticas Profesionales 
650 |a Diseño Gráfico -  |x Teoría 
650 |a Medios Impresos 
650 |a Comunicación Masiva 
650 |a Comunicación Visual 
700 |a Pelta, Raquel  |e (prólogo) 
910 |a Fondo General 
920 |a Impresos - Libros 
930 |a Colección General 
905 |a 101 
901 |a 0500295304  |b IT1  |c ACC  |i c157699  |u 20250521 
902 |a https://opac.biblio.iteso.mx/vufind/Record/000399960